Maximal elements and the existence of equilibrium and variational inequalities and the existence of equilibrium

Saved in:
Bibliographic Details
Main Author: Mehta, Ghanshyam
Format: Book
Language:English
Published: Kiel Institut für Weltwirtschaft 1984
Series:Working paper no. 48 and 49
Tags: Add Tag
No Tags, Be the first to tag this record!

MARC

LEADER 00000nam a2200000 4500
001 c110202
005 20181203150312.7
041 0 |a eng 
044 |a DE 
245 1 0 |a Maximal elements and the existence of equilibrium and variational inequalities and the existence of equilibrium  |c Ghanshyam Mehta 
264 1 |a Kiel  |b Institut für Weltwirtschaft  |c 1984 
300 |a 5, 3 s. 
490 1 |a Working paper  |v no. 48 and 49 
830 0 |a Working paper  |v no. 48 and 49 
100 1 |a Mehta, Ghanshyam